Crédito y cuentas monetarias, 1978-1982. Marzo
Guardado en:
| Institution som forfatter: | |
|---|---|
| Format: | Texto |
| Udgivet: |
San José:
El Banco
|
| Fag: | |
| Tags: |
Tilføj Tag
Ingen Tags, Vær først til at tagge denne postø!
|
MARC
| LEADER | 00000 a a2200000 04500 | ||
|---|---|---|---|
| 001 | 13949 | ||
| 003 | |||
| 040 | |||
| 090 | |a 024200 | ||
| 110 | |a Banco Central de Costa Rica. División Monetaria | ||
| 245 | |a Crédito y cuentas monetarias, 1978-1982. Marzo | ||
| 260 | |a San José: |b El Banco | ||
| 300 | |a 4; 67 p. | ||
| 650 | |a CREDITO | ||
| 650 | |a RESERVAS MONETARIAS | ||
| 999 | |c 785 |d 785 | ||
